000 00616nam a2200241 a 4500
003 AR-BaBNM
005 20251128203630.0
008 082120s2002 ||||||||||||||000 | spa||
040 _cAR-BaBNM
100 1 _aMiro, Rodrigo
245 0 0 _aIndice de la poesía panameña contemporánea
260 _aSantiago de Chile
_bEdiciones Ercilla
_c1941
300 _a181 p.
490 0 _aBiblioteca Ercilla
650 4 _aLITERATURA LATINOAMERICANA
650 4 _aANTOLOGIAS
650 4 _aPOESIA
650 4 _aESCRITORES
653 _aLITERATURA PANAMEÑA
655 _aLITERATURA
942 _cBK
998 _cMARTIN
999 _c4238
_d4238